Practical Course in Effective English Speaking Skills (Record no. 367690)

MARC details
000 -LEADER
fixed length control field 02577nam a22001937a 4500
005 - DATE AND TIME OF LATEST TRANSACTION
control field 20250911153554.0
008 - FIXED-LENGTH DATA ELEMENTS--GENERAL INFORMATION
fixed length control field 250909b |||||||| |||| 00| 0 eng d
020 ## - INTERNATIONAL STANDARD BOOK NUMBER
International Standard Book Number 9788120345843
041 ## - LANGUAGE CODE
Language code of text/sound track or separate title English
082 ## - DEWEY DECIMAL CLASSIFICATION NUMBER
Item number GAN
Classification number 372.6
100 ## - MAIN ENTRY--PERSONAL NAME
Author Gangal J.K.
245 ## - TITLE STATEMENT
Title Practical Course in Effective English Speaking Skills
260 ## - PUBLICATION, DISTRIBUTION, ETC.
Place of publication, distribution, etc. Delhi
Name of publisher, distributor, etc. PHI Learning
Date of publication, distribution, etc. 2025
300 ## - PHYSICAL DESCRIPTION
Extent 326
365 ## - TRADE PRICE
Price amount 545.95
Currency code Rs,00
520 ## - SUMMARY, ETC.
Summary, etc. Part I: The Knowledge Paradigm—The What and Why of Effective Speaking<br/>1. Why Do You Need to Speak Effectively?<br/>2. Effective Speaking–Meaning and Constituents.<br/>3. Some Myths about Effective English Speaking.<br/>4. English Phonetics and Phonology—The Sounds of English.<br/>5. The Phonemes.<br/>6. Stress and Intonation.<br/>Part II: The Skill Paradigm—A Public Speaking Skills<br/>7. Using 4Rs for Effective Speaking.<br/>8. How to Achieve Effective Public Speaking Skills.<br/>9. Combating Stage Fear.<br/>10. Using Audio-Visual Aids.<br/>11. Handling Questions from Audience.<br/>12. Non-Verbal Communication—The Body Language.<br/>Part III: The Skill Paradigm—B Communicating with People<br/>13. Talking on the Phone.<br/>14. Congratulating People.<br/>15. Farewell Function for the Principal.<br/>16. Offering Condolences.<br/>17. Replying to Felicitations and Thanking.<br/>18. Celebrating Teacher’s Day.<br/>19. Celebrating Valentine’s Day.<br/>20. Expressing Gratitude.<br/>21. Expressing Admiration and Offering Compliments.<br/>22. Expressing Disapproval and Displeasure.<br/>23. Seeing People Off.<br/>24. Participating in Group Discussions (GDs).<br/>25. Responding to Criticism and Negative Remarks.<br/>26. Participating in Interactive TV/Radio Debate.<br/>27. Interacting with the Media.<br/>28. Communicating with Your Boss.<br/>29. Negotiating for a Lasting Gain.<br/>30. Proposing a Vote of Thanks.<br/>Part IV: Further Strengthening Your Communication Skills<br/>31. Phrasal Verbs Frequently Used for Effective Speaking.<br/>32. Additional Expressions for Acquiring Effective English Speaking Skills.<br/>33. Linking Words.<br/>34. Using One Word for Group of Words.<br/>35. Personal Interview.<br/>36. Words Often Mispronounced.<br/>37. Your Ready Reference Wordbook.<br/>38. Frequently Used Foreign Words and Phrases.<br/>Part V: The Desire To Achieve Getting Motivated<br/>39. Meaning and Techniques for Self-Motivation.<br/>40. Evaluating Daily Progress.<br/>41. Drawing the Curtains.<br/>Part VI: Effective English Speaking Skills in Action<br/>42. Some Memorable Speeches from World History.<br/>43. Some Good Anecdotes.<br/>44. Some Thought-Provoking Quotes and Epigrams.
650 ## - SUBJECT ADDED ENTRY--TOPICAL TERM
Topical term or geographic name entry element English Communication
942 ## - ADDED ENTRY ELEMENTS (KOHA)
Koha item type Books
Holdings
Withdrawn status Lost status Source of classification or shelving scheme Damaged status Not for loan Home library Current library Date acquired Vendor Net Price Bill number Total Checkouts Full call number Barcode Date last seen Date last checked out Actual Price Bill Date Koha item type
    Dewey Decimal Classification     School of Fashion Technology School of Fashion Technology 09/09/2025 Amazon.in 545.95 IN-7092 5 372.6 GAN SOFT-BK-4585 10/03/2026 25/02/2026 725.00 03/09/2025 Books